|
|
|
|
| LEADER |
00000nam a2200000 a 4500 |
| 001 |
vtls001124590 |
| 003 |
SK-MaSNL |
| 005 |
20260301194039.0 |
| 008 |
160414s1995 xo d rc c 0 slo |
| 015 |
|
|
|a SNBA1996/0300857
|
| 020 |
|
|
|a 8088791103
|
| 035 |
|
|
|a SNK000067433
|
| 040 |
|
|
|a SNK
|b slo
|c SNK
|e AACR2
|
| 041 |
0 |
|
|a slo
|
| 044 |
|
|
|a xo
|c SK
|
| 080 |
|
|
|a 784.3(082)
|2 1981
|
| 110 |
2 |
|
|a Slnovrat (združenie pesničkárov)
|4 aut
|9 33319
|
| 245 |
1 |
0 |
|a Združenie pesničkárov Slnovrat
|b Texty 1979-1987
|c [zostavil Miloš Janoušek]
|
| 260 |
|
|
|a Bratislava
|b Meritum
|c 1995
|
| 300 |
|
|
|a 144 s.
|b Fotogr.
|c 18 cm
|
| 500 |
|
|
|a Čiast. text čes.
|
| 504 |
|
|
|a Res. v angl.
|
| 610 |
0 |
7 |
|a Slnovrat (združenie pesničkárov)
|2 SNKKA
|9 33319
|
| 650 |
0 |
7 |
|a folk
|2 SNKPH
|9 3443
|
| 655 |
|
7 |
|a piesňové texty
|2 SNKPH
|9 70532
|
| 700 |
1 |
|
|a Janoušek, Miloš,
|d 1952-2023
|4 com
|9 222011
|
| 919 |
|
|
|a 80-88791-10-3
|
| 958 |
|
|
|a TL
|
| 999 |
|
|
|c 880306
|d 882236
|
| 952 |
|
|
|t P60, <09>, [BOOK], {629}
|a SNK
|b SNK
|y NEVYP
|7 0
|o snkD 427
|i snk4365/951221
|0 0
|1 0
|4 0
|d 1995-12-20
|l 0
|r 2004-12-31 00:00:00
|w 2026-02-24
|
| 952 |
|
|
|t P60, <03>, [BOOK], {603}
|a SNK
|b SNK
|y PREZ
|7 0
|o snkSD 67538
|i snkKSP 10743/95
|0 0
|1 0
|4 0
|d 1995-12-20
|l 0
|r 2004-12-31 00:00:00
|w 2026-02-24
|
| 952 |
|
|
|t P60, <04>, [BOOK], {604}
|a SNK
|b SNK
|y VYP
|7 0
|p 17A0254409
|o snkSD 67538 D1
|i snkKSP 10744/95
|0 0
|1 0
|4 0
|d 1995-12-20
|l 0
|r 2004-12-31 00:00:00
|w 2026-02-24
|
| 952 |
|
|
|a SNK
|b SNK
|y PREZ
|7 0
|p 17A0004699
|o snkSD 67538
|0 0
|1 0
|4 0
|d 2013-07-16
|l 0
|r 2026-02-24 06:13:46
|w 2026-02-24
|